00425nam a2200133 450000500170000000800410001702000220005804000550008008000160013524500570015126000440020830000180025270000210027020260417165038.0260417b |||||||| |||| 00| 0 eng d a978 1 80037 798 1 aNational Science LibrarycNational Science Library a5/6(03)bR4 aElgar encyclopedia of science and technology studies aUK:bEdward Elgar Publishing Ltd,c2024 axxiii, 617p.  aFelt, Ulrike ed.